| Tag |
First Indicator |
Second Indicator |
Subfields |
| LEADER |
00000cam a2200000 4500 |
| 001 |
in00003855921 |
| 005 |
20190415183657.0 |
| 006 |
m o d |
| 007 |
cr |n||||||||n |
| 008 |
940906s1791 enk|||| o 00||||eng c |
| 035 |
|
|
|a (CU-RivES)N62786
|
| 035 |
|
|
|a (Uk-ES)006057676
|
| 035 |
|
|
|a (OCoLC)508297779
|
| 040 |
|
|
|a CU-RivES
|c CU-RivES
|d CStRLIN
|d Cengage Gale
|d UtOrBLW
|
| 100 |
1 |
|
|a Fisher, A.
|q (Anne),
|d 1719?-1778.
|
| 240 |
1 |
0 |
|a New grammar, with exercises of bad English
|
| 245 |
1 |
2 |
|a A practical new grammar, with exercises of bad English :
|b Or, An easy guide to speaking and writing the properly and correctly. Containing I. Orthography; or true spelling, which treats of the sounds and uses of the several letters in all positions; of the division of words into syllables, and the use of points. II. Prosody; or the art of pronouncing syllables in words truly, wtih tables of words properly accented. III. Etymology; or the kinds of words, which explains the several parts of speech; their derivations and different endings; change and likeness to one another. IV. Syntax; or construction, which teaches how to connect words aright in a sentence, or sentences together. To which is added, a curious and useful appendix, a new edition, corrected and improved by A. Fisher.
|
| 264 |
|
1 |
|a Leeds :
|b Printed for the booksellers,
|c M.DCC.XCI. [1791]
|
| 300 |
|
|
|a 1 online resource (xii,180 pages)
|
| 336 |
|
|
|a text
|b txt
|2 rdacontent
|
| 337 |
|
|
|a computer
|b c
|2 rdamedia
|
| 338 |
|
|
|a online resource
|b cr
|2 rdacarrier
|
| 500 |
|
|
|a Titlepage in red and black.
|
| 509 |
|
|
|a Not in Alston. - Verify punctuation after 'bad English'
|
| 510 |
4 |
|
|a English Short Title Catalog,
|c N62786.
|
| 500 |
|
|
|a Reproduction of original from Trinity College Library Watkinson Collection.
|
| 500 |
|
|
|a Electronic resource.
|
| 650 |
|
0 |
|a English language
|x Grammar
|v Early works to 1800.
|0 http://id.loc.gov/authorities/subjects/sh2008119585
|
| 655 |
|
7 |
|a Electronic books.
|2 local
|
| 710 |
2 |
|
|a Gale (Firm)
|0 http://id.loc.gov/authorities/names/no2008071348
|
| 752 |
|
|
|a Great Britain
|b England
|d Leeds.
|
| 856 |
4 |
0 |
|u http://proxy.library.tamu.edu/login?url=http://find.galegroup.com/ecco/infomark.do?contentSet=ECCOArticles&docType=ECCOArticles&bookId=1731300100&type=getFullCitation&tabID=T001&prodId=ECCO&docLevel=TEXT_GRAPHICS&version=1.0&source=library&userGroupName=txshracd2898
|z Connect to the full text of this electronic book
|t 0
|
| 999 |
f |
f |
|s e976efe7-7a04-3f38-a978-056c1b2abeca
|i d9f52c0e-4367-3ce3-894b-0b9a14e8f767
|t 0
|
| 952 |
f |
f |
|a Texas A&M University
|b College Station
|c Electronic Resources
|d Available Online
|t 0
|h No information provided
|
| 998 |
f |
f |
|t 0
|l Available Online
|